| 000 | 00901nam a2200241 4500 | ||
|---|---|---|---|
| 003 | OSt | ||
| 005 | 20260530115310.0 | ||
| 008 | 260430b2000 mx a|||| |||| 00| 0 spa d | ||
| 040 |
_aICI _bspa _cICI |
||
| 041 | _aspa | ||
| 050 | 4 |
_aNA750 _bA584 2000 |
|
| 100 | 1 |
_aLuis F. Guerrero Baca • Luisa Martínez Leal _932736 |
|
| 245 | 1 | 0 |
_aAnuario de estudios de arquitectura : _bhistoria, critica, conservacion 2000 / _ceditores de este numero Luis F. Guerrero Baca ... [y otros.] |
| 264 | 1 |
_aMéxico, D.F. : _bUAM, Unidad Azcapotzalco, _c2000 |
|
| 300 |
_a243 páginas : _bilustraciones |
||
| 336 |
_atexto _2rdacontent |
||
| 337 |
_asin medio _2rdamedia |
||
| 338 |
_avolumen _2rdacarrier |
||
| 650 | 1 | 4 |
_2Arquitectura _vAnuarios _zMéxico _932737 |
| 650 | 1 | 4 |
_aArquitectura _vAnuarios _xConservación y restauración _zMéxico |
| 700 | 1 |
_aGuerrero Baca, Luis Fernando, _eeditor |
|
| 942 |
_2lcc _cBK _n1 |
||
| 999 |
_c13325 _d13325 |
||